000
00186 a2200097 4500
020
_a
9788441403949
041
_a
spa
100
_a
Zorrilla, jose
245
_a
Don juan tenorio
942
_c
BK
999
_c
1851
_d
1851